000
00350nam a2200145 a 4500
005
20140414093835.0
008
030610s19uu xx 00 eng d
050
_a
CDR 940
_b
NAP 1995
245
_a
The Napoleonic era.
650
_a
French history.
650
_a
Napoleonic wars.
650
_a
France
_x
history.
942
_c
AVM
999
_c
108959
_d
108959